[Event "Hawick op"]
[Site "Hawick"]
[Date "2008.06.29"]
[Round "5"]
[White "Vincenti, David Cilia"]
[Black "Wilman, Carey"]
[Result "0-1"]
[WhiteElo "2053"]
[BlackElo "1953"]
[PlyCount "62"]
[EventDate "2008.06.27"]
[EventType "swiss"]
[EventRounds "5"]
[EventCountry "SCO"]
[SourceTitle "EXT 2010"]
[Source "ChessBase"]
[SourceDate "2010.11.25"]
[SourceVersion "1"]
[SourceVersionDate "2010.11.25"]
[SourceQuality "1"]

1. d4 Nf6 2. c4 c5 3. d5 b5 4. cxb5 a6 5. bxa6 Bxa6 6. Nc3 d6 7. g3 g6 8. Bg2 Bg7 9. Nf3 0-0 10. 0-0 Nbd7 11. Rb1 Ng4 12. h3 Nge5 13. Nxe5 Nxe5 14. Qc2 Qb6 15. b3 Qa7 16. Re1 Rab8 17. f4 c4+ 18. Kh2 cxb3 19. axb3 Nd7 20. Na4 Rfc8 21. Qe4 Nf6 22. Be3 Qc7 23. Qf3 Qc2 24. Rec1 Qa2 25. Rb2 Ng4+ 26. Qxg4 Bxb2 27. Nxb2 Qxb2 28. Rc6 Qxe2 29. Ba7 Ra8 30. Qd7 Re8 31. Qc7 Bd3 0-1

[Event "Hawick op"]
[Site "Hawick"]
[Date "2008.06.28"]
[Round "2"]
[White "Haslinger, Stewart"]
[Black "Vincenti, David Cilia"]
[Result "1-0"]
[WhiteElo "2495"]
[BlackElo "2053"]
[PlyCount "49"]
[EventDate "2008.06.27"]
[EventType "swiss"]
[EventRounds "5"]
[EventCountry "SCO"]
[SourceTitle "EXT 2010"]
[Source "ChessBase"]
[SourceDate "2010.11.25"]
[SourceVersion "1"]
[SourceVersionDate "2010.11.25"]
[SourceQuality "1"]

1. e4 c5 2. Nf3 e6 3. Nc3 Nc6 4. d4 cxd4 5. Nxd4 Qc7 6. Be3 a6 7. Qd2 Nf6 8. 0-0-0 Bb4 9. f3 Ne5 10. Nb3 0-0 11. Bd4 b5 12. Qg5 d6 13. a3 Bxc3 14. Bxc3 Bb7 15. Ba5 Qb8 16. Bb4 Rd8 17. Na5 Ra7 18. Qe3 d5 19. Bc5 Ra8 20. Bd4 Nc4 21. Bxc4 bxc4 22. Qg5 Ne8 23. Qe7 Nc7 24. Be5 Rc8 25. Qg5 1-0

[Event "Hawick op"]
[Site "Hawick"]
[Date "2008.06.28"]
[Round "3"]
[White "Vincenti, David Cilia"]
[Black "Hulme, William"]
[Result "1-0"]
[WhiteElo "2053"]
[BlackElo "1875"]
[PlyCount "55"]
[EventDate "2008.06.27"]
[EventType "swiss"]
[EventRounds "5"]
[EventCountry "SCO"]
[SourceTitle "EXT 2010"]
[Source "ChessBase"]
[SourceDate "2010.11.25"]
[SourceVersion "1"]
[SourceVersionDate "2010.11.25"]
[SourceQuality "1"]

1. d4 Nf6 2. c4 e6 3. Nc3 Bb4 4. f3 c5 5. d5 d6 6. e4 Bxc3+ 7. bxc3 e5 8. Bd3 h6 9. Ne2 Nbd7 10. Be3 g5 11. h4 g4 12. Qd2 h5 13. Bg5 Qc7 14. Ng3 gxf3 15. gxf3 Nh7 16. Nxh5 Rg8 17. Kf2 f6 18. Bh6 Ndf8 19. Rag1 Ng6 20. f4 Bd7 21. f5 Ne7 22. Ng7+ Kd8 23. Ne6+ Bxe6 24. fxe6 Qa5 25. Rxg8+ Nxg8 26. Rg1 Ne7 27. Rg7 Nf8 28. Rf7 1-0

[Event "SCO-ch 115th"]
[Site "Glasgow"]
[Date "2008.06.08"]
[Round "4"]
[White "Vincenti, David Cilia"]
[Black "Coleman, Robbie"]
[Result "1/2-1/2"]
[WhiteElo "2195"]
[BlackElo "2018"]
[PlyCount "149"]
[EventDate "2008.06.05"]
[EventType "swiss"]
[EventRounds "9"]
[EventCountry "SCO"]
[SourceTitle "EXT 2009"]
[Source "ChessBase"]
[SourceDate "2008.11.26"]
[SourceVersion "1"]
[SourceVersionDate "2008.11.26"]
[SourceQuality "1"]

1. d4 Nf6 2. c4 c5 3. d5 b5 4. cxb5 a6 5. bxa6 g6 6. Nc3 Bxa6 7. g3 d6 8. Bg2 Bg7 9. Nf3 Nbd7 10. Rb1 0-0 11. 0-0 Ne8 12. Re1 Nc7 13. a4 Bc4 14. e4 Qb8 15. Bg5 Bb3 16. Qc1 Re8 17. Ra1 Nb6 18. Bh3 e6 19. Qf4 Nc4 20. Bf6 e5 21. Qh4 Bxf6 22. Qxf6 Qd8 23. Qxd8 Rexd8 24. Nb5 Na6 25. Bf1 Nb4 26. Rec1 Nc2 27. Rxc2 Bxc2 28. Bxc4 Rxa4 29. Rxa4 Bxa4 30. b3 Bxb5 31. Bxb5 Rb8 32. Ba4 Kf8 33. Nd2 Ke7 34. Nc4 f5 35. f3 fxe4 36. fxe4 Rf8 37. Kg2 Rf6 38. Nb6 Kd8 39. Nc4 Kc7 40. Ne3 Kb6 41. Bd7 Kc7 42. Ba4 Kb6 43. Kh3 Ka5 44. Kg4 h6 45. h4 Kb4 46. h5 g5 47. Nc4 Kc3 48. Kh3 Kd3 49. Bd7 Kxe4 50. Be6 Kf3 51. Nxd6 e4 52. Bg4+ Ke3 53. Nb7 Rf7 54. Nxc5 Kd4 55. Nxe4 Kxe4 56. d6 Rf8 57. d7 Ke5 58. Kg2 Ke4 59. Be6 Ke3 60. Bf7 Rd8 61. Be8 g4 62. b4 Rb8 63. Bg6 Ra8 64. Bf7 Rb8 65. Bb3 Ke4 66. Be6 Ke5 67. Bxg4 Kd6 68. Bf5 Ke7 69. g4 Rxb4 70. Kf3 Rd4 71. Kg3 Kf6 72. Kf3 Ke5 73. Ke3 Rd6 74. Ke2 Rd4 75. Ke3 1/2-1/2

[Event "Dundee & Angus op"]
[Site "Dundee"]
[Date "2007.??.??"]
[Round "4"]
[White "Vincenti, David Cilia"]
[Black "McIntosh, William"]
[Result "1-0"]
[WhiteElo "2053"]
[BlackElo "1593"]
[PlyCount "74"]
[EventDate "2007.10.19"]
[EventType "swiss"]
[EventRounds "5"]
[EventCountry "SCO"]
[SourceTitle "EXT 2017"]
[Source "ChessBase"]
[SourceDate "2016.10.25"]
[SourceVersion "1"]
[SourceVersionDate "2016.10.25"]
[SourceQuality "1"]

1. d4 Nf6 2. c4 e6 3. Nc3 b6 4. e4 Bb7 5. d5 exd5 6. exd5 Bc5 7. Qe2+ Qe7 8. Bg5 Qxe2+ 9. Bxe2 c6 10. Bxf6 gxf6 11. Nf3 Na6 12. 0-0 Nc7 13. Rfd1 0-0-0 14. d6 Ne6 15. Ne4 f5 16. Nxc5 Nxc5 17. Ng5 Rdf8 18. Rac1 h6 19. Nh3 Ne6 20. Bf3 Ng5 21. Nxg5 hxg5 22. c5 Ba6 23. cxb6 g4 24. Bd5 axb6 25. Re1 Rh7 26. Re7 Rfh8 27. g3 Kd8 28. Bg2 Bd3 29. Rc3 Be4 30. Ra3 Kc8 31. Bxe4 fxe4 32. Ra8+ Kb7 33. Rxh8 Rxh8 34. Rxd7+ Kc8 35. Rxf7 Rd8 36. Rc7+ Kb8 37. Rxc6 Kb7 1-0

[Event "Dundee & Angus op"]
[Site "Dundee"]
[Date "2007.??.??"]
[Round "2"]
[White "Vincenti, David Cilia"]
[Black "Sreeves, Clement"]
[Result "1/2-1/2"]
[WhiteElo "2053"]
[BlackElo "1733"]
[PlyCount "89"]
[EventDate "2007.10.19"]
[EventType "swiss"]
[EventRounds "5"]
[EventCountry "SCO"]
[SourceTitle "EXT 2017"]
[Source "ChessBase"]
[SourceDate "2016.10.25"]
[SourceVersion "1"]
[SourceVersionDate "2016.10.25"]
[SourceQuality "1"]

1. d4 f5 2. Nc3 d5 3. Bf4 Nf6 4. e3 e6 5. Nf3 c6 6. Ne5 Bb4 7. Bd3 0-0 8. h3 Ne4 9. Bxe4 fxe4 10. 0-0 Nd7 11. Nxd7 Qxd7 12. f3 exf3 13. Rxf3 Qe7 14. Qe2 Bd7 15. Raf1 Bd6 16. Bxd6 Qxd6 17. e4 c5 18. Rxf8+ Rxf8 19. Rxf8+ Qxf8 20. exd5 cxd4 21. dxe6 dxc3 22. exd7 cxb2 23. Qc4+ Kh8 24. Qb3 Qd8 25. Qxb7 h6 26. Qxb2 Qxd7 27. c3 Qd1+ 28. Kh2 Qd6+ 29. g3 h5 30. Qe2 Qc5 31. Qe8+ Kh7 32. Qe4+ Kh8 33. Qd4 Qe7 34. Qd3 h4 35. gxh4 Qxh4 36. Qd4 Qe7 37. c4 Qe2+ 38. Kg3 Qe1+ 39. Kg4 Qe2+ 40. Kf5 Qh5+ 41. Ke4 Qe2+ 42. Kd5 Qxa2 43. Qh4+ Kg8 44. Qd8+ Kh7 45. Qh4+ 1/2-1/2